000 00537nam a22001577a 4500
005 20221027142703.0
008 221027b mx ||||| |||| 00| 0 spa d
050 0 4 _aKHK1295
_bE28 1976
110 1 _aEcuador
245 1 0 _aLey de compañias
260 _aQuito, Ecuador :
_bCIRJUE ;
_bCirculo de Juristas del Ecuador,
_c1976
300 _a148 paginas ;
_c21 cm.
650 7 _2lemb
_aEmpresas comerciales
_xDerecho y legislación
_zEcuador
650 7 _2lemb
_aDerecho de Sociedades
_vLeyes y legislación
_zEcuador
942 _2lcc
_cLIB
999 _c165066
_d165064